000 00894cam a2200337 4500500
005 20260405003514.0
041 _afre
042 _adc
100 1 0 _aLacroix, Alexandre
_eauthor
245 0 0 _a“L’Évolution créatrice”, d’Henri Bergson : les extraits
260 _c2022.
500 _a10
690 _aBergson
690 _aChaleur
690 _achangement
690 _aCosmos
690 _aDurée
690 _aÉlan vital
690 _aFroid
690 _aHenri Bergson
690 _aintelligence
690 _aIntuition
690 _aMort
690 _aRaison
690 _aScience
690 _aTemps
690 _aUnivers
690 _aVitalisme
786 0 _nPhilosophie magazine | 159 | 5 | 2022-05-01 | p. 46-49 | 1951-1787
856 4 1 _uhttps://shs.cairn.info/magazine-philosophie-magazine-2022-5-page-46?lang=fr&redirect-ssocas=7080
999 _c2068185
_d2068185